Hauptstädte der Länder, die mit L beginnen - Statistiken

Allgemein
  • Dieses Quiz wurde 382 mal gespielt
  • Das Durchschnittsergebnis liegt bei 8 aus 9
Antwortstatistiken
L Land Hauptstadt % Korrekt
Luxemburg Luxemburg
99%
Lettland Riga
99%
Liechtenstein Vaduz
98%
Litauen Vilnius
95%
Libanon Beirut
90%
Libyen Tripolis
86%
Laos Vientiane
70%
Liberia Monrovia
63%
Lesotho Maseru
55%
Keine übereinstimmenden Quizze gefunden
Verteilung der Resultate
Anzahl Personen mit jedem Resultat
Perzentil nach korrekt beantworteten Fragen
Ihre Resultats-Entwicklung
Sie haben dieses Quiz noch nicht gespielt